Nuevo Diccionario Francés Español, Español Francés. Con la pronunciación figurada en ambas lenguas
Guardat en:
| Autors principals: | , |
|---|---|
| Format: | Llibre |
| Idioma: | francès espanyol |
| Publicat: |
París
Librería de Garnier Hermanos, 6m Rue des Saints Pères
1889
|
| Edició: | 12a. ed |
| Matèries: | |
| Etiquetes: |
Afegir etiqueta
Sense etiquetes, Sigues el primer a etiquetar aquest registre!
|
MARC
| LEADER | 00000nam a2200000 a 4500 | ||
|---|---|---|---|
| 001 | UCJ8123 | ||
| 003 | CL-VaPUC | ||
| 008 | 070124e18890000FR |||||||||||||||||fre|d | ||
| 041 | 0 | 7 | |a fre |2 CL-VaPUC |
| 041 | 0 | 7 | |a spa |2 CL-VaPUC |
| 082 | 0 | 4 | |a 424 |b SAL |2 21 |
| 100 | 0 | |a Salvá, Vicente |e author |9 516790 | |
| 700 | 0 | |a Guim, D. J. B. |e author |9 516791 | |
| 245 | 1 | 0 | |a Nuevo Diccionario Francés Español, Español Francés. Con la pronunciación figurada en ambas lenguas |
| 250 | |a 12a. ed | ||
| 300 | |a 650 p | ||
| 942 | |c BK | ||
| 945 | |d 20070124 00:00:00 |a rinostro | ||
| 260 | |a París |b Librería de Garnier Hermanos, 6m Rue des Saints Pères |c 1889 | ||
| 650 | 7 | |a DICCIONARIO FRANCES CASTELLANO |2 CL-VaPUC |9 516792 | |
| 650 | 7 | |a GRAMATICA FRANCESA |2 CL-VaPUC |9 416915 | |
| 583 | |a last modification |c 20070124 00:00:00 |k Rodrigo Vera | ||
| 999 | |c 323921 |d 323919 | ||
| 952 | |0 0 |1 0 |4 0 |6 424_000000000000000_SAL_1889 |7 0 |8 X |9 403779 |a FDOBUD |b FDOBUD |d 2019-11-22 |i 1073192 |o 424 SAL 1889 |p 1073192 |r 2019-11-22 |w 2019-11-22 |y BK_X |k BUD | ||